000 00635cam a22002291 4500
001 sa 65008049
003 DLC
005 20260227112153.0
008 890918s1964 ii c b 000 0 beno
010 _asa 65008049
035 _a(OCoLC)20360632
040 _aDLC
_cWaU
_dDLC
042 _apremarc
050 0 0 _aPK1718.D355
_bZ78
100 1 _aMitra, Haraprasad,
_d1917-
245 0 0 _aSatyendranātha Dattera kabitā o kābyarūpa.
260 _c[1964]
300 _a213 (i. e. 313) p.
_bport.
_c22 cm.
500 _aIn Bengali.
504 _aIncludes bibliographical references.
600 1 0 _aDatta, Satyendranath,
_d1882-1922.
999 _c65514
_d65514